| 000 | 00519nam a2200181 a 4500 | ||
|---|---|---|---|
| 008 | 010109s1962 m yxo 0 slo c | ||
| 040 |
_aSNK _bslo _cSNK _eAACR2 |
||
| 041 | 1 | _aslo | |
| 044 |
_axo _cSK |
||
| 100 | 1 |
_aMichalides, Pavol _4aut |
|
| 245 | 1 | 0 |
_aVýtvarná agitačná a propagačná tvorba _cPavol Michalides |
| 260 |
_aBratislava _bVydavateľstvo Slovenského fondu výtvarných umení _c1962 |
||
| 300 |
_a244 s. _c30 cm |
||
| 490 | 1 |
_aSborníky _vzv. 3 |
|
| 760 | 1 | _tSborníky | |
| 020 | _c98 | ||
| 958 | _aA | ||
| 999 |
_c14971 _d14971 |
||